Gia Cát Lượng: Cuộc đời, tài trí
Guardat en:
| Autor principal: | |
|---|---|
| Format: | Llibre |
| Idioma: | Undetermined |
| Publicat: |
Hà Nội
QĐND
2001
|
| Matèries: | |
| Etiquetes: |
Afegir etiqueta
Sense etiquetes, Sigues el primer a etiquetar aquest registre!
|
| Thư viện lưu trữ: | Trung tâm Học liệu Trường Đại học Cần Thơ |
|---|
| LEADER | 00540nam a2200169Ia 4500 | ||
|---|---|---|---|
| 001 | CTU_43720 | ||
| 008 | 210402s9999 xx 000 0 und d | ||
| 082 | |a 895.13081 | ||
| 082 | |b Đ455 | ||
| 100 | |a Tào Hải Đông | ||
| 245 | 0 | |a Gia Cát Lượng: Cuộc đời, tài trí | |
| 245 | 0 | |c Tào Hải Đông, Đoàn Sự | |
| 260 | |a Hà Nội | ||
| 260 | |b QĐND | ||
| 260 | |c 2001 | ||
| 650 | |a chinese literature - 20th century,historical fiction, chinese | ||
| 980 | |a Trung tâm Học liệu Trường Đại học Cần Thơ | ||